00498nam a2200133Ia 4500008004100000082002100041100004100062245014400103260003900247300001200286520001000298650002800308700002800336230907s9999||||xx |||||||||||||| ||und|| a697.9395491bMAH aHafiza Mahreen Fatima ((00000119895) 0aDesign of a combined solar thermal water and space heating system for a commercial building in climatic conditions of Islamabad, Pakistan / aUSPCAS-E, NUST,bIslamabad :c2017 a65 p. : aTH-66 aMS-TEE Thesis MS Thesis aDr Muhammad Bilal Sajid